Marcus Porcius Cato on agriculture

Saved in:
Bibliographic Details
Main Author: Cato, Marcus Porcius, 234 B.C.-149 B.C
Other Authors: Hooper, William Davis, 1868-1945 (Translator), Ash, Harrison Boyd, 1891-1944 (Translator), Varro, Marcus Terentius
Format: Book
Language:English
Latin
Published: Cambridge, Mass. ; : London : Harvard University Press, Heinemann, 1979
Series:Loeb classical library ; ; 283
Subjects:
Tags: Add Tag
No Tags, Be the first to tag this record!

MARC

LEADER 00000cam a2200000 i 4500
001 1/89058
008 960712r19791934 eng d
020 |a 0-674-99313-6 
035 |l 10052688 
040 |a GR-MY-UA  |b gre  |e aacr 
041 0 |a eng  |a lat 
082 0 |a 630.937  |2 (22) 
100 1 |a Cato, Marcus Porcius,   |d 234 B.C.-149 B.C. 
245 1 0 |a Marcus Porcius Cato on agriculture /  |c [Marcus Porcius Cato]. Marcus Terentius Varro on agriculture / [Varro, Marcus Terentius] ; μετάφραση: William Davis Hooper; αναθεώρηση Harrison Boyd 
246 3 4 |a Cato & Varro de re rustica 
260 |a Cambridge, Mass. ; :   |a London :   |b Harvard University Press,   |b Heinemann,   |c 1979 
300 |a xxv,544 σ.;  |c 17 εκ. 
490 1 |a Loeb classical library  |v ; 283 
500 |a Επανεκτύπωση 1979 (επανεκτύπωση και αναθεώρηση 1935, πρώτη έκδ. 1934) 
504 |a Περιλαμβάνει ευρετήριο 
600 1 0 |a Cato, Marcus Porcius,   |d 234 B.C.-149 B.C. 
600 1 0 |a Varro, Marcus Terentius. 
650 0 0 |a Agriculture  |x History. 
650 0 0 |a Agriculture, Ancient. 
650 0 0 |a Agricultural literature. 
650 0 0 |a Latin literature. 
700 1 |a Hooper, William Davis,   |d 1868-1945.  |4 trl 
700 1 |a Ash, Harrison Boyd,   |d 1891-1944.  |4 trl 
700 1 |a Varro, Marcus Terentius. 
830 0 |a Loeb classical library ;  |v ; 283 
852 |a INST  |b CHIOS  |e 19960712  |h 630.937 CAT  |p 005200007210  |q 005200007210  |t BK  |y 0 
852 |a INST  |b LESVOS  |e 19990901  |h 630.937 CAT  |p 005100015862  |q 005100015862  |t BK  |y 0 
901 |a BIBL1-1999-2 
909 |a Λ  |b 032922 
909 |a Χ  |b 031893 
922 |a 2ΕΛΗ  |b 199311  |c ΦΡΑΓΚΟΜΙΧΑΛΟΣ  |d LEADER BOOKS 
970 |z 1999/09/01  |a ΚΑΜΑΤΣΟΥ  |b ΔΕΣΠΟΙΝΑ